Deep in the meadow. Hunger games lyrics - Statistics

General Stats
  • This quiz has been taken 23 times
  • The average score is 43 of 66
Answer Stats
Hint Answer % Correct
The
100%
The
100%
The
100%
The
100%
The
100%
A
95%
A
95%
Lyrics verse 1 Deep
95%
I
95%
In
95%
Meadow
95%
Grass
90%
Under
90%
Will
86%
Bed
81%
Of
81%
Willow
81%
Green
76%
Pillow
76%
Soft
76%
You
76%
You
76%
And
67%
And
67%
And
67%
Close
67%
Eyes
67%
Sun
67%
Your
62%
Your
62%
Your
62%
Down
57%
Head
57%
Verse2 Lay
57%
Rise
57%
When
57%
Are
52%
Every
52%
Verse3 Here
52%
Here
52%
Here
52%
Verse4 final verse Here
52%
Here
52%
Is
52%
It's
52%
It's
52%
Love
52%
Open
52%
Safe
52%
They
52%
Warm
52%
Daisies
48%
Dreams
48%
From
48%
Guard
48%
Harm
48%
Sweet
48%
Them
48%
Tomorrow
48%
True
48%
Brings
43%
Place
43%
Sleepy
43%
Where
43%
As
38%
Again
33%
No matching quizzes found
Score Distribution
Percent of People with Each Score
Percentile by Number Answered
Your Score History
You have not taken this quiz